The dark field cut surface (DFCS) test for estimating the dispersion of carbon black in rubber compounds (Record no. 70558)

MARC details
000 -LEADER
fixed length control field 00524nam a2200169Ia 4500
100 ## - MAIN ENTRY--AUTHOR NAME
Personal name Murray G A W
245 #4 - TITLE STATEMENT
Title The dark field cut surface (DFCS) test for estimating the dispersion of carbon black in rubber compounds
260 ## - PUBLICATION, DISTRIBUTION, ETC. (IMPRINT)
Name of publisher Rubber Chemistry and Technology
Year of publication 1997
300 ## - PHYSICAL DESCRIPTION
Number of Pages 50-59
650 ## - SUBJECT ADDED ENTRY--TOPICAL TERM
Topical Term Carbon black dispersion
650 ## - SUBJECT ADDED ENTRY--TOPICAL TERM
Topical Term Dark field cut surface
650 ## - SUBJECT ADDED ENTRY--TOPICAL TERM
Topical Term Rubber compounds
700 ## - ADDED ENTRY--PERSONAL NAME
Personal name Freakley P K
700 ## - ADDED ENTRY--PERSONAL NAME
Personal name Southwart D W
942 ## - ADDED ENTRY ELEMENTS (KOHA)
Koha item type Journals
Holdings
Withdrawn status Lost status Damaged status Not for loan Home library Current library Shelving location Date acquired Serial Enumeration / chronology Koha item type
      Journals RRII Library RRII Library Rubber chemistry 17/12/2021 Volume 70, Issue 1 Journals